Manual práctico de extradiciones / (Record no. 68454)

MARC details
000 -LEADER
campo de control de longitud fija 01172nam a22002655i 4500
001 - NÚMERO DE CONTROL
campo de control 68454
003 - IDENTIFICADOR DE NÚMERO DE CONTROL
campo de control ES-MaACL
005 - FECHA Y HORA DE LA ÚLTIMA TRANSACCIÓN
campo de control 20251012063044.0
007 - CAMPO FIJO DE DESCRIPCIÓN FÍSICA--INFORMACIÓN GENERAL
campo de control de longitud fija t|
008 - DATOS DE LONGITUD FIJA--INFORMACIÓN GENERAL
campo de control de longitud fija 940301s1879 sp ||||1| spa d
080 ## - NÚMERO DE LA CLASIFICACIÓN DECIMAL UNIVERSAL
Número de la Clasificación Decimal Universal 341.44
100 1# - ENTRADA PRINCIPAL--NOMBRE DE PERSONA
Nombre de persona García Santisteban, Rafael,
Fechas asociadas al nombre 1829-1893
9 (RLIN) 140041
245 10 - MENCIÓN DEL TÍTULO
Título Manual práctico de extradiciones /
Mención de responsabilidad, etc. compilado y anotado por D. Rafael García y Santisteban.
260 ## - PUBLICACIÓN, DISTRIBUCIÓN, ETC.
Lugar de publicación, distribución, etc. Madrid :
Nombre del editor, distribuidor, etc. [s.n.],
Fecha de publicación, distribución, etc. 1879 (
Fabricante Tip. de G. Estrada)
300 ## - DESCRIPCIÓN FÍSICA
Extensión XXVIII, 213 p. ;
Dimensiones 17 cm.
490 1# - MENCIÓN DE SERIE
Mención de serie Biblioteca enciclopédica popular ilustrada. Sección 3ª. Conocimientos útiles
530 ## - NOTA DISPONIBLE DE FORMULARIO FÍSICO ADICIONAL
Nota de formato físico adicional disponible Disponible en formato digital.
650 #4 - PUNTO DE ACCESO ADICIONAL DE MATERIA--TÉRMINO DE MATERIA
Término de materia o nombre geográfico como elemento de entrada Extradición.
9 (RLIN) 140042
700 1# - ENTRADA AGREGADA--NOMBRE PERSONAL
Nombre de persona Estrada, Gregorio.
9 (RLIN) 126979
830 1# - PUNTO DE ACCESO ADICIONAL DE SERIE-TÍTULO UNIFORME
Título uniforme Biblioteca enciclopédica popular ilustrada. Sección 3ª. Conocimientos útiles
9 (RLIN) 180990
852 ## - LOCALIZACIÓN
Ubicación ES-MaACL
Número de control de estantería F-13577
856 ## - LOCALIZACIÓN Y ACCESO ELECTRÓNICOS
Identificador Uniforme de Recursos <a href="http://bvrajyl.rajyl.es/i18n/consulta/registro.cmd?id=9957 ">http://bvrajyl.rajyl.es/i18n/consulta/registro.cmd?id=9957 </a>
Nota pública Biblioteca Virtual de la Real Academia de Jurisprudencia y Legislación
856 ## - LOCALIZACIÓN Y ACCESO ELECTRÓNICOS
Identificador Uniforme de Recursos <a href="https://bibliotecadigital.jcyl.es/es/consulta/registro.do?id=23962">https://bibliotecadigital.jcyl.es/es/consulta/registro.do?id=23962</a>
Nota pública Biblioteca Digital de Castilla y León
Holdings
Estatus retirado Estado de pérdida Estado de daño No para préstamo Colección Biblioteca de origen Biblioteca actual Ubicación en estantería Fecha de adquisición Fuente de adquisición Total de préstamos Signatura topográfica completa Código de barras Visto por última vez Precio de reemplazo Tipo de ítem Koha
        Colección digital Biblioteca del Ateneo de Madrid Biblioteca del Ateneo de Madrid Sala Pecera Planta 2 17/01/2008     F-13577 1071659 23/02/2023 23/02/2023 Libro impreso antiguo